000 00657nam a2200229 a 4500
001 BRCA_7553
005 20190320205902.0
008 010613s1923----gw-a######---#000-0#ger-#
041 _ager
044 _agw
050 4 _aNB804
_b.L64 1923
100 1 _aLoga, Valerian von
_910307
245 1 0 _aSpanische Plastik
_bvom fünfzehnten bis achtzehnten jahrhundert
_cValerian von Loga.
260 _aMúnich
_bHyperion
_c1923
300 _a32 p.
_bil., 32 láminas
_c29 cm.
500 _aS33
650 1 4 _aEscultura
_zEspaña
_99315
650 1 4 _aArte y sumbolismo cristianos
_918627
650 1 4 _aEscultura
_xHistoria
_93347
902 _aGFM
942 _2lcc
_cB
999 _c7227
_d7227